000 01185cam a2200325 a 4500
001 712416
005 20260205153829.0
008 980324s1998 ctu b 001 0 eng
010 _a 97080178
020 _a0300074654
_qpbk.
020 _a9780300074659
_q(pbk.)
035 _a712416
040 _aKABLIB
_cKABLIB
_erda
082 0 0 _a323.042
_223
_bMOR
100 1 _aMorone, James A.,
_d1951-
_915472
245 1 4 _aThe democratic wish :
_bpopular participation and the limits of American government /
_cJames A. Morone.
250 _aRev. ed.
260 _aNew Haven :
_bYale University Press,
_c1998.
300 _axiii, 402 p. ;
_c22 cm.
336 _atext
_btxt
_2rdacontent
337 _aunmediated
_bn
_2rdamedia
338 _avolume
_bnc
_2rdacarrier
504 _aIncludes bibliographical references (p. 339-390) and index.
650 0 _aPolitical participation
_zUnited States
_xHistory.
_915473
650 0 _aBureaucracy
_zUnited States
_xHistory.
_915474
906 _a7
_bcbc
_corignew
_d2
_eopcn
_f19
_gy-gencatlg
942 _2ddc
_cBOOK
999 _c6089
_d6089